Normal view
MARC view
- سمارة، محمد
Entry Personal Name
001 - CONTROL NUMBER
- control field: 35162
003 - CONTROL NUMBER IDENTIFIER
- control field: JO-AjAnu
005 - DATE AND TIME OF LATEST TRANSACTION
- control field: 20230606075901.0
008 - FIXED-LENGTH DATA ELEMENTS
- fixed length control field: 230606|| aca||aabn | a|a d
040 ## - CATALOGING SOURCE
- Original cataloging agency: JO-AjAnu
- Transcribing agency: JO-AjAnu
100 ## - HEADING--PERSONAL NAME
- Personal name: سمارة، محمد
670 ## - SOURCE DATA FOUND
- Source citation: Work cat.: (JO-AjAnu)18057: سمارة، محمد, author, حزمة إسترتيجيات العمل الإسلامي في العالم: رؤية شمولية ضمن مقتضيات الواقع في مطلع القرن الحادي والعشرين